Statistics for Dante Alighieri Quiz

Click here to take the quiz!

General Stats

  • This quiz has been taken 101 times
  • The average score is 11 of 18

Answer Stats

HintAnswer% Correct
In which city was Dante born?Florence
93%
In it Dante visits three places, name themInferno (Hell)
93%
Which is his most famous work?Divine Comedy
91%
In it Dante visits three places, name themParadiso (Heaven)
89%
In it Dante visits three places, name themPurgatorio (Purgatory)
88%
Which Roman Poet served as his guide?Virgil
88%
How many "circles" does the first place have?9
84%
Name the century he was born in13th century
81%
What kind of text is it?Narrative poem
67%
With his three mouths Satan chews on three people,
name any one
Judas Iscariot | Brutus | Cassius
59%
Name any other work of hisLa Vita Nuova, De Monarchia, etc.
56%
In which city did he die?Ravenna
41%
Which Italian coin depicts Dante Alighieri?2 Euro
31%
Which Pope ruled throughout most of Dante's life?
He exiled Dante from his hometown
Boniface VIII
25%
This work is written in stanzas of three verses.
What is this called?
Tercet
24%
Which part of his fictive attire did he most likely never wear?{Laurel} wreath
21%
His most famous work is considered the most important
work of the ______ ____
Middle Ages
19%
Which Rennaisance artist first painted him
the way, we now imagine he looked?
Sandro Botticelli
18%

Score Distribution

Percentile by Number Answered

Percent of People with Each Score

Your Score History

You have not taken this quiz